Lie algebras, geometry and Toda-type systems

Saved in:
Bibliographic Details
Main Author: Razumov, Alexander V. (Alexander Vitalievich) 1952-
Other Authors: Savelev, M. V. (Mikhail Vladimirovich)
Format: Book
Language:English
Published: Cambridge : Cambridge University press, c1997
Series:Cambridge lecture notes in physics ; ; 8
Subjects:
Tags: Add Tag
No Tags, Be the first to tag this record!

MARC

LEADER 00000nam a2200000 i 4500
001 1/3337
008 000519s1997 eng d
020 |a 0-521-47923-1 
035 |l 10060762 
040 |a GR-MY-UA  |b gre  |e aacr 
041 0 |a eng 
082 0 |a 516.362 
100 1 |a Razumov, Alexander V.  |q (Alexander Vitalievich)  |d 1952- 
245 1 0 |a Lie algebras, geometry and Toda-type systems /  |c A. V. Razumov, M. V. Saveliev 
260 |a Cambridge :   |b Cambridge University press,   |c c1997 
300 |a xix, 247 p.;  |c 23 cm. 
490 1 |a Cambridge lecture notes in physics  |v ; 8 
504 |a Includes bibliographical references and index 
650 0 0 |a Lie algebras. 
650 0 0 |a Geometry, Differential. 
650 0 0 |a Nonlinear theories. 
650 0 0 |a Mathematical physics. 
700 1 |a Savelev, M. V.  |q (Mikhail Vladimirovich) 
830 0 |a Cambridge lecture notes in physics ;  |v ; 8 
852 |a INST  |b SAMOS  |e 20000519  |h 516.362 RAZ  |p 005300017300  |q 005300017300  |t BK  |y 0 
901 |a BIBL3-2000-2 
909 |a Σ  |b 077795 
922 |a 3ΕΛΗ  |b 200004  |c ΚΠΣ  |d ΠΑΠΑΣΩΤΗΡΙΟΥ 
950 |a 116-1999-12-30 
970 |a ΓΕΝΟΥΖΟΥ  |b ΧΡΥΣΑΝΘΗ  |z 2000/05/19